000 00955nam a2200325I 4500
999 _c8572
_d8572
001 8572
003 BD - JhCC
005 20180922132323.0
008 730808s1951 xx 000 0 eng u
035 _a(BD - JhCC)8572
035 _a(OCoLC)00674780
035 _aGLIS00486303
040 _cCSU
_dRCD
_aBD-JhCC
041 _aeng
050 _aHJ263
_b.P6
082 _bPOO 1951
090 _aHJ263
_b.P822
099 _aHJ263.P822
100 1 _aPoole, Kenyon E.
_q(Kenyon Edwards),
_d1909-1988.
245 1 0 _aFiscal policies and the American economy /
_cKenyon E. Poole,
260 _aNew York,
_bPrentice-Hall,
_c1951.
300 _ax, 468p.
_billus.
_c22cm.
490 1 _aPrentice-Hall economics series
504 _aIncludes bibliographies.
650 0 _aFinance, Public
_zUnited States
_xHistory
_y1933-
830 0 _aPrentice-Hall economics series.
942 _2ddc
_cBK
949 _aMYGD